La digitalizacin̤ de la Colombia rural ¿Una oportunidad perdida del Acuerdo de Paz? /

Detalles Bibliográficos
Autor principal: del Prado Higuera, Cristina
Otros Autores: Duque Silva, Guillermo Andrš, Přez Bolaǫs, Diana Marcela
Formato: eBook
Lenguaje:español
Publicado: Madrid: Dykinson, 2021
Materias:
Acceso en línea:Acceso restringido

MARC

LEADER 00000nam a22000007a 4500
005 20210520233542.0
007 cr|||| ||||
008 210520s2021 es |||||s|||| 00||0 spa d
020 |a 978-84-1377-355-1 
035 |a 33715 
040 |a vLex 
090 |c 11758  |d 11758 
100 1 |a del Prado Higuera, Cristina 
245 1 2 |a La digitalizacin̤ de la Colombia rural  |h [Recurso electrn̤ico] :  |b ¿Una oportunidad perdida del Acuerdo de Paz? /  |c Cristina del Prado Higuera, Guillermo Andrš Duque Silva, Diana Marcela Přez Bolaǫs 
256 |a Servicio en ln̕ea 
260 |a Madrid:  |b Dykinson,  |c 2021 
300 |a 1 recurso electrn̤ico 
500 |a En este libro se aportan datos y argumentos sobre el proceso de expansin̤ de las TICs que adelanta el gobierno nacional de Colombia con el objetivo de cerrar las brechas digitales entre las poblaciones rurales y las grandes ciudades del pas̕. Las zonas rurales en Colombia han estado marcadas histr̤icamente por condiciones de violencia estructural. Los campesinos colombianos han vivido dčadas de exclusin̤ de servicios esenciales como la electricidad, salud y educacin̤. Esta vulnerabilidad se ha alimentado, en gran medida, por el difc̕il acceso a estos territorios y, sobre todo, por la omisin̤ institucional de los agentes gubernamentales. El campo colombiano no ha sido protagonista en la historia de modernizacin̤ del pas̕, pero s ̕ha sido un escenario natural para el conflicto armado durante dčadas. Es por ello que analizamos la problemt̀ica de la democratizacin̤ de las TICs, como el ms̀ reciente capt̕ulo de una historia de exclusiones al campesino en las agendas del desarrollo colombiano. En este libro exploramos la forma como se implementa la estrategia de digitalizacin̤ del gobierno nacional de Colombia; desde las promesas de digitalizacin̤ del campo colombiano que surgieron en la Mesa de La Habana, hasta los actuales aciertos y retrocesos de la polt̕ica pb︢lica Gobierno Digital de Ivǹ Duque Mr̀quez en el marco de la crisis del COVID-19. 
506 1 |a Disponible solo en los productos indicados  |d vLex Global  |d vLex Global (Academic Edition, excluding Law Schools)  |d vLex Global (U.S. Academic Edition, Law Schools)  |d vLex Global (U.S. Academic Edition, excluding Law Schools)  |d vLex Global (Academic Edition, Law Schools) 
650 0 4 |a Derecho Pb︢lico y Administrativo  |z Espaą 
650 0 4 |a Derecho de las Nuevas Tecnologa̕s  |z Espaą 
700 1 |a Duque Silva, Guillermo Andrš 
700 1 |a Přez Bolaǫs, Diana Marcela 
740 0 |a vLex Libros (Servicio en ln̕ea) 
856 4 0 |u https://vlex.com/source/digitalizacion-de-la-colombia-rural-una-oportunidad-perdida-del-acuerdo-de-paz--33715  |z Acceso restringido 
942 |c BOOK 
999 0 |a Public and Administrative Law 
999 0 |a New Technologies Law